15 Największych państw Afryki - Statystyki

Ogólne statystyki
  • Ten quiz został rozwiązany 35 razy
  • Średni wynik to 14 z 15
Statystyki odpowiedzi
Powierzchnia (w km2) Państwo % Poprawnych
2,34 mln Demokratyczna Republika Konga
100%
1,22 mln Republika Południowej Afryki
100%
2,38 mln Algieria
97%
1,10 mln Etiopia
97%
1,27 mln Niger
97%
924 tyś Nigeria
97%
1,25 mln Angola
94%
1,00 mln Egipt
94%
1,86 mln Sudan
94%
1,24 mln Mali
91%
1,28 mln Czad
88%
1,76 mln Libia
88%
824 tyś Namibia
88%
1,03 mln Mauretania
85%
947 tyś Tanzania
74%
Nie znaleziono quizów pasujących do podanych kryteriów
Rozkład punktacji
Procent ludzi z każdym wynikiem
Percentyl według liczby udzielonych odpowiedzi
Twoja historia wyników
Nie rozwiązałeś tego quizu